Welcome to CU Library Online Public Access Catalogue (OPAC)

Organizations: (Record no. 6005)

MARC details
000 -LEADER
fixed length control field 00531nam a22002057a 4500
005 - DATE AND TIME OF LATEST TRANSACTION
control field 20250528124435.0
008 - FIXED-LENGTH DATA ELEMENTS--GENERAL INFORMATION
fixed length control field 250528b |||||||| |||| 00| 0 eng d
020 ## - INTERNATIONAL STANDARD BOOK NUMBER
International Standard Book Number 9780071115919
050 ## - LIBRARY OF CONGRESS CALL NUMBER
Classification number HD 58.7 ORG
Item number 1
100 ## - MAIN ENTRY--PERSONAL NAME
Personal name GIBSON,L. James
245 ## - TITLE STATEMENT
Title Organizations:
Remainder of title Behavior,structure,processes
250 ## - EDITION STATEMENT
Edition statement 12th
260 ## - PUBLICATION, DISTRIBUTION, ETC.
Place of publication, distribution, etc. Boston
Name of publisher, distributor, etc. McGraw-Hill
Date of publication, distribution, etc. 2006
300 ## - PHYSICAL DESCRIPTION
Extent xviii,606p
500 ## - GENERAL NOTE
General note index
700 ## - ADDED ENTRY--PERSONAL NAME
Personal name Ivancevich,M.John
700 ## - ADDED ENTRY--PERSONAL NAME
Personal name Donnelly, H. James
700 ## - ADDED ENTRY--PERSONAL NAME
Personal name Konopaske, Robert
942 ## - ADDED ENTRY ELEMENTS (KOHA)
Source of classification or shelving scheme Library of Congress Classification
Koha item type Books
Suppress in OPAC No
999 ## -
-- 6005
-- 6005
Holdings
Withdrawn status Lost status Source of classification or shelving scheme Damaged status Not for loan Collection Home library Current library Shelving location Date acquired Total checkouts Full call number Barcode Date last seen Copy number Price effective from Koha item type
    Library of Congress Classification     Non-fiction Graduate Library (Christ Temple) Graduate Library (Christ Temple) General stacks 05/28/2025   HD 58.7 ORG GSCT00001351 05/28/2025 1 05/28/2025 Books
    Library of Congress Classification     Non-fiction Graduate Library (Christ Temple) Graduate Library (Christ Temple) General stacks 05/28/2025   HD 58.7 ORG GSCT00001352 05/28/2025 2 05/28/2025 Books
    Library of Congress Classification     Non-fiction Graduate Library (Christ Temple) Graduate Library (Christ Temple) General stacks 05/28/2025   HD 58.7 ORG GSCT00001353 05/28/2025 3 05/28/2025 Books
    Library of Congress Classification     Non-fiction Graduate Library (Christ Temple) Graduate Library (Christ Temple) General stacks 05/28/2025   HD 58.7 ORG GSCT00001354 05/28/2025 4 05/28/2025 Books
© 2023-2024 Copyright: Central University Libraries. All Rights Reserved | Created by: Mahone Tech Office